| 000 | 00400 a2200169 4500 | ||
|---|---|---|---|
| 001 | 183432 | ||
| 020 | _a85-06-02219-3 | ||
| 040 | _cMagnum | ||
| 100 | _aPinto, Ziraldo Alves | ||
| 240 | 1 | 0 |
_aUma professora muito maluquinha _lpor |
| 245 | 1 | 0 | _aUma professora muito maluquinha |
| 300 | _a115 | ||
| 362 | 0 | _a1995 | |
| 440 | 1 | _aMelhoramentos | |
| 697 | _aLITERATURA INFANTO-JUVENIL | ||
| 942 | _cBK | ||
| 999 |
_c183432 _d183432 |
||